[Event "Douglas IoM op"]
[Site "Douglas"]
[Date "2016.10.07"]
[Round "7"]
[White "Nakamura, Hikaru"]
[Black "Brunello, Sabino"]
[Result "1-0"]
[WhiteElo "2787"]
[BlackElo "2566"]
[PlyCount "103"]
[EventDate "2016.10.01"]
[EventType "swiss"]
[EventRounds "9"]
[EventCountry "IOM"]
[SourceTitle "EXT 2017"]
[Source "ChessBase"]
[SourceDate "2016.10.25"]
[SourceVersion "1"]
[SourceVersionDate "2016.10.25"]
[SourceQuality "1"]

1. d4 Nf6 2. c4 e6 3. Nc3 Bb4 4. Qc2 d5 5. cxd5 Qxd5 6. Nf3 Qf5 7. Qb3 c5 8. a3 Bxc3+ 9. Qxc3 Nbd7 10. g3 ({RR} 10. g4 Qxg4 11. dxc5 Nd5 12. Qc2 Qf5 13. Qc4 Ne5 14. Nxe5 Qxe5 15. Bg2 Bd7 16. Bxd5 {½-½ (17) Eljanov,P (2692)-Anand,V (2799) Wijk aan Zee 2008}) 10... cxd4 11. Nxd4 Qc5 $146 ({RR} 11... Qd5 12. Nf3 b6 13. Bg2 Ba6 14. O-O Rc8 15. Qe3 Qh5 16. h3 Nd5 17. Qd4 O-O 18. Re1 Nc5 19. Qd1 Rfd8 20. Bd2 e5 21. Rc1 e4 22. b4 Ne6 23. Rxc8 Rxc8 24. g4 Qg6 25. Ne5 Qf6 26. Qa1 {Chernin,A (2600)-Spraggett,K (2520) Bern 1995 ½-½ (38)}) ({RR} 11... Qd5 12. Nf3 O-O {½-½ (13) Mohr,S (2400)-Horvath,J (2525) Austria 1997}) 12. Qxc5 Nxc5 13. b4 Na4 14. Bg2 O-O 15. Bg5 Nd5 16. Nb5 Bd7 17. Nd6 f6 18. Bd2 Rab8 19. Rc1 Rfd8 20. b5 Be8 21. Nxe8 Rxe8 22. e4 Ndb6 23. Bb4 Rbc8 24. Ke2 Kf7 25. f4 Red8 26. Rhd1 Rxd1 27. Rxc8 Nxc8 28. Kxd1 Ncb6 29. Kc2 Nd7 30. e5 Nac5 31. exf6 Kxf6 32. Kc3 b6 33. Kc4 h5 34. Bc6 Kf5 35. Bf3 h4 36. Bd1 hxg3 37. hxg3 g5 38. fxg5 Kxg5 39. Kd4 Kf6 40. a4 Kf5 41. g4+ Kf6 42. Be1 Kf7 43. Bg3 Kf6 44. Bh4+ Kf7 45. Be1 Kf6 46. a5 Nb7 47. a6 Nbc5 48. Bh4+ Kf7 49. Bd8 e5+ 50. Kd5 Ne6 51. Kd6 Ke8 52. Bxb6 1-0

[Event "12th Norway Armageddon"]
[Site "Stavanger NOR"]
[Date "2024.06.02"]
[Round "6.3"]
[White "Nakamura, Hi"]
[Black "Caruana, F.."]
[Result "0-1"]
[WhiteElo "2794"]
[BlackElo "2805"]
[PlyCount "92"]
[EventDate "2024.05.27"]

1. d4 Nf6 2. c4 e6 3. Nc3 Bb4 4. e3 b6 5. Nge2 Ba6 6. Ng3 Bxc3+ 7. bxc3 d5 8. cxd5 Bxf1 9. Rxf1 Qxd5 10. f3 Nc6 11. Qe2 Na5 12. e4 Qc4 13. Qxc4 Nxc4 14. Bg5 $146 ({RR} 14. Ke2 O-O 15. a4 a6 16. Rb1 c6 17. Rd1 b5 18. Ra1 Nd7 19. a5 f5 20. h3 Rf7 21. Ra2 Nf6 22. Bg5 fxe4 23. fxe4 Raf8 24. Bxf6 Rxf6 25. Rf1 Rxf1 26. Nxf1 Rf4 27. e5 c5 28. Nd2 cxd4 {Moksh,A (2391)-Pap,M (2401) Budapest HUN 2024 0-1 (37)}) ({RR} 14. Ke2 c5 15. Kd3 Na5 16. Rd1 O-O-O 17. Nf1 Nc6 18. Ke3 Rd7 19. Bb2 Rhd8 20. Rac1 Kb7 21. Rd2 Ne8 22. dxc5 Ne5 23. Rd4 bxc5 24. Ra4 Rd1 25. Ke2 Rxc1 26. Bxc1 Nd6 27. Bf4 Ndc4 28. Bxe5 Nxe5 {Raczek,K (2449)-Vantika,A (2377) Przeworsk POL 2025 ½-½ (44)}) 14... Nd7 15. Ke2 O-O 16. Rab1 a6 17. Rfd1 b5 18. d5 Ndb6 19. dxe6 fxe6 20. Ke1 h6 21. Bc1 Rad8 22. f4 Na4 23. Ne2 Nc5 24. Ng3 Na4 25. Ne2 Nc5 26. e5 Nd3+ 27. Kf1 c5 28. Kg1 Rd5 29. Rf1 Nxc1 30. Rbxc1 Rd2 31. Ng3 Rxa2 32. Ne4 Ne3 33. Rf2 Rxf2 34. Kxf2 Nc4 35. Kg3 Rc8 36. Rb1 Ne3 37. Kf3 Nd5 38. Ra1 Rc6 39. g4 c4 40. f5 b4 41. cxb4 c3 42. b5 axb5 43. Ra8+ Kh7 44. Nd6 Nb6 45. Re8 c2 46. Nf7 Rc8 0-1

[Event "12th Norway Chess 2024"]
[Site "Stavanger NOR"]
[Date "2024.06.02"]
[Round "6.3"]
[White "Nakamura, Hi"]
[Black "Caruana, F.."]
[Result "1/2-1/2"]
[WhiteElo "2794"]
[BlackElo "2805"]
[PlyCount "60"]
[EventDate "2024.05.27"]

1. d4 Nf6 2. c4 e6 3. Nc3 Bb4 4. e3 b6 5. Nge2 Ba6 6. Ng3 Bxc3+ 7. bxc3 d5 8. Qf3 ({RR} 8. cxd5 Bxf1 9. Rxf1 Qxd5 10. f3 Nc6 11. Qe2 Na5 12. e4 Qc4 13. Qxc4 Nxc4 14. Bg5 Nd7 15. Ke2 O-O 16. Rab1 a6 17. Rfd1 b5 18. d5 Ndb6 19. dxe6 fxe6 20. Ke1 h6 21. Bc1 Rad8 22. f4 Na4 {Nakamura,H (2794)-Caruana,F (2805) Stavanger NOR 2024 0-1 (46)}) 8... O-O ({RR} 8... c6 9. e4 O-O 10. Bg5 h6 11. h4 dxe4 12. Nxe4 Nbd7 13. Nxf6+ Nxf6 14. Rh3 Re8 15. Bxf6 Qxf6 16. Qxf6 gxf6 17. O-O-O Rad8 18. Re3 Kg7 19. a4 f5 20. Kc2 Kf6 21. a5 Rb8 22. Ra1 b5 23. c5 {Erdos,V (2545)-Dasgupta,A (2125) London ENG 2025 1-0 (81)}) 9. cxd5 $146 ({RR} 9. Be2 c5 10. O-O Nc6 11. cxd5 Bxe2 12. Qxe2 exd5 13. Qb5 Qc8 14. Ba3 Re8 15. Rac1 Na5 16. Qa4 Nc4 17. Rfd1 h5 18. Nf1 h4 19. h3 Re6 20. Rc2 Ne4 21. Bc1 Rg6 22. f3 Ng5 23. Kh1 Qe6 {Levitt,J (2455)-Wells,P (2400) Swansea 1987 0-1 (37)}) 9... Bxf1 10. Kxf1 exd5 11. e4 dxe4 12. Nxe4 Nxe4 13. Qxe4 Nd7 14. Qf3 c5 15. Be3 cxd4 16. Bxd4 Re8 17. g3 Nf8 18. Kg2 Ne6 19. Rhe1 Nxd4 20. cxd4 Qxd4 21. Re7 Qf6 22. Qxf6 gxf6 23. Rb7 Re2 24. a4 Re4 25. a5 bxa5 26. Rxa5 a6 27. f4 Kg7 28. Kf3 Ree8 29. Kg4 Reb8 30. Rxb8 Rxb8 1/2-1/2

[Event "Tashkent FIDE GP"]
[Site "Tashkent"]
[Date "2014.10.27"]
[Round "6"]
[White "Nakamura, Hikaru"]
[Black "Caruana, Fabiano"]
[Result "1/2-1/2"]
[WhiteElo "2764"]
[BlackElo "2844"]
[Annotator "ChessBase"]
[PlyCount "129"]
[EventDate "2014.10.21"]
[EventType "tourn"]
[EventRounds "11"]
[EventCountry "UZB"]
[EventCategory "21"]
[SourceTitle "CBM 163"]
[Source "ChessBase"]
[SourceDate "2014.11.11"]
[SourceVersion "1"]
[SourceVersionDate "2014.11.11"]
[SourceQuality "1"]

1. d4 Nf6 2. c4 e6 3. Nc3 Bb4 4. Qc2 O-O 5. Nf3 c5 6. dxc5 Na6 7. Bd2 Nxc5 8. a3 Bxc3 9. Bxc3 Nce4 10. e3 Nxc3 11. Qxc3 b6 12. Be2 Ba6 13. Qb3 Rc8 {With pressure on c4 and finished development it doesn't seem as if Black could be worse here. Actually, if anything, White is the one that has to be careful.} 14. Qa4 Bb7 15. O-O Qc7 16. Nd4 $146 ({RR} 16. Rfd1 Rfd8 17. Rd4 h6 18. Qb4 d6 19. b3 Ne4 20. Rdd1 d5 21. Qe1 dxc4 22. Bxc4 Rxd1 23. Rxd1 Rd8 24. h3 Rxd1 25. Qxd1 Nd6 26. Be2 Bd5 27. Nd4 Qc3 28. Bf3 Bxf3 29. Nxf3 Ne4 30. Nd4 Qb2 {Finegold,B (2505)-Akobian,V (2616) Saint Louis 2013 ½-½ (79)}) 16... a6 17. Rfd1 Rfd8 18. Qb4 Be4 19. Rac1 e5 20. Nb3 d6 21. Qe1 Qb7 22. Qf1 Bc6 23. Nd2 Qe7 24. Rc3 a5 25. Rdc1 a4 {Isolating the c4 pawn.} 26. Qd1 Ra8 27. Bf3 e4 28. Be2 Nd7 29. Qe1 Nc5 {Caruana keeps improving his position while Nakamura is without a plan. He lashes out, but this costs him a pawn.} 30. b4 axb3 31. Nxb3 Rxa3 32. Nd4 Rxc3 33. Qxc3 {White's activity has greatly improved and he has ripped apart the bind on the queenside, he also gains a chance to attack the b6 pawn. Practically speaking this seems like a good position, but he is after all down a pawn now.} Bd7 34. Ra1 Rb8 35. Ra7 Qd8 36. Qa1 Rc8 37. h3 g6 38. Nb5 {an unusual decision to trade the nice knight on d4, but White does gain the spot for the queen. It will be very difficult for Caruauna to try to make progress from this position.} Bxb5 39. cxb5 h5 40. f4 exf3 41. Bxf3 Qg5 42. Qc3 Rd8 43. Qd4 d5 44. h4 Qf5 45. Ra1 Qd7 46. Qf6 Qe8 47. Kh1 Ne4 $2 (47... Ne6 {kept the extra pawn and starts to actually consolidate Black's position.} 48. Ra7 $15) 48. Bxe4 dxe4 49. Qxb6 Qe7 50. Kg1 $1 Rd2 (50... Qxh4 51. Qc7 {starts to actually be bad for Black as the b-pawn is a real concern.}) 51. Qc6 Qxh4 {In this scenario Black's attack is very fast, but White has a good resource to neutralize it.} 52. Ra8+ Kh7 53. Rh8+ $1 Kxh8 54. Qc3+ Kh7 55. Qxd2 Qg5 {White's passed pawn on the b-file is worth more than anything else in the position. Black has the material advantage but w ould be happy with a draw.} 56. b6 h4 57. Qf2 Kg7 58. Qf4 Qb5 59. Qc7 h3 60. gxh3 Qb1+ 61. Kg2 Qb2+ 62. Kg3 Qf6 63. b7 Qf3+ 64. Kh2 Qf2+ 65. Kh1 1/2-1/2

[Event "Norway Chess 2024"]
[Site "Stavanger, Norway"]
[Date "2024.06.02"]
[Round "12.3"]
[White "Nakamura, Hikaru"]
[Black "Caruana, Fabiano"]
[Result "0-1"]
[WhiteElo "2794"]
[BlackElo "2805"]
[Annotator "Stockfish 16.1 - Chessbase"]
[PlyCount "92"]
[EventDate "2024.??.??"]

1. d4 {[%eval 14,0]} Nf6 {[%eval 17,0]} 2. c4 {[%eval 21,0]} e6 {[%eval 21,0]} 3. Nc3 {[%eval 18,0]} Bb4 {[%eval 17,0]} 4. e3 {[%eval 6,0]} b6 {[%eval 37,0]} 5. Nge2 {[%eval 24,0]} Ba6 {[%eval 34,0]} 6. Ng3 {[%eval 19,0]} Bxc3+ {[%eval 28,0]} 7. bxc3 {[%eval 18,0]} d5 {[%eval 25,0]} 8. cxd5 {[%eval 17,0]} Bxf1 {[%eval 19,0]} 9. Rxf1 {[%eval 22,0]} Qxd5 {[%eval 18,0]} 10. f3 {[%eval 15,0]} Nc6 {[%eval 17,0]} 11. Qe2 {[%eval 2,0]} Na5 $146 {[%eval 0,0]} ({RR} 11... O-O-O 12. e4 Qa5 13. Bd2 Qa4 14. Kf2 h5 15. h4 Na5 16. Rfb1 Ne8 17. Rb4 Qc6 18. e5 f6 19. Rc1 fxe5 20. Qxe5 Nf6 21. c4 Nd7 22. Qe2 e5 23. c5 bxc5 24. dxc5 Nf6 25. Rcb1 Qxc5+ 26. Be3 {1-0 Caruana,F (2804)-Kazakouski,V (2608) Titled Tue 19th Mar Late chess.com INT 2024 (5)}) 12. e4 {[%eval 8,0]} Qc4 {[%eval 16,0]} 13. Qxc4 {[%eval 21,0]} Nxc4 {[%eval 13,0]} 14. Bg5 $146 {[%eval 0,0]} ({RR} 14. Ke2 O-O 15. a4 a6 16. Rb1 c6 17. Rd1 b5 18. Ra1 Nd7 19. a5 f5 20. h3 Rf7 21. Ra2 Nf6 22. Bg5 fxe4 23. fxe4 Raf8 24. Bxf6 Rxf6 25. Rf1 Rxf1 26. Nxf1 Rf4 27. e5 c5 28. Nd2 cxd4 {Moksh,A (2391)-Pap,M (2401) Budapest HUN 2024 0-1 (37)}) ({RR} 14. Ke2 c5 15. Kd3 Na5 16. Rd1 O-O-O 17. Nf1 Nc6 18. Ke3 Rd7 19. Bb2 Rhd8 20. Rac1 Kb7 21. Rd2 Ne8 22. dxc5 Ne5 23. Rd4 bxc5 24. Ra4 Rd1 25. Ke2 Rxc1 26. Bxc1 Nd6 27. Bf4 Ndc4 28. Bxe5 Nxe5 {Raczek,K (2449)-Vantika,A (2377) Przeworsk POL 2025 ½-½ (44)}) 14... Nd7 {[%eval 0,0]} 15. Ke2 {[%eval 0,0]} O-O {[%eval 0,0]} 16. Rab1 {[%eval 16,0]} a6 {[%eval 9,0]} 17. Rfd1 {[%eval 14,0]} b5 {[%eval 18,0]} 18. d5 {[%eval 17,0]} Ndb6 {[%eval 17,0]} 19. dxe6 {[%eval 26,0]} fxe6 {[%eval 28,0]} 20. Ke1 $4 {[%eval -195,0] Blunder. Nf1 was best.} (20. Nf1 Na4 21. Rdc1 h6 22. Bh4 g5 23. Be1 c5 24. Ne3 Nxe3 25. Kxe3 c4) 20... h6 {[%eval -36,0]} 21. Bc1 {[%eval -195,0]} Rad8 {[%eval -197,0]} 22. f4 $6 {[%eval -272,0] Inaccuracy. e5 was best.} (22. e5 Rxd1+ 23. Kxd1 Nd5 24. Ne4 Rf5 25. Ke2 Rxe5 26. Kd3 Rh5 27. h3 c6) 22... Na4 {[%eval -279,0]} 23. Ne2 {[%eval -282,0]} Nc5 {[%eval -115,0]} 24. Ng3 {[%eval -265,0]} Na4 {[%eval -299,0]} 25. Ne2 {[%eval -277,0]} Nc5 {[%eval -123,0]} 26. e5 {[%eval -103,0]} Nd3+ {[%eval -191,0]} 27. Kf1 {[%eval -114,0]} c5 {[%eval -165,0]} 28. Kg1 {[%eval -182,0]} Rd5 {[%eval -184,0]} 29. Rf1 {[%eval -131,0]} Nxc1 {[%eval -298,0]} 30. Rbxc1 {[%eval -108,0]} Rd2 {[%eval -116,0]} 31. Ng3 {[%eval -127,0]} Rxa2 {[%eval -178,0]} 32. Ne4 {[%eval -168,0]} Ne3 {[%eval -181,0]} 33. Rf2 {[%eval -192,0]} Rxf2 $6 {[%eval -96,0] Inaccuracy. Ra3 was best.} (33... Ra3 34. Nxc5 Rc8 35. Nxe6 b4 36. Rd2 Raxc3 37. Rb1 b3 38. Kf2 a5 39. Rd7) 34. Kxf2 {[%eval 97,0]} Nc4 {[%eval 97,0]} 35. Kg3 {[%eval -89,0]} Rc8 {[%eval -98,0]} 36. Rb1 {[%eval -92,0]} Ne3 {[%eval -94,0]} 37. Kf3 {[%eval -88,0]} Nd5 {[%eval -87,0]} 38. Ra1 {[%eval -53,0]} Rc6 {[%eval -46,0]} 39. g4 $6 {[%eval -154,0] Inaccuracy. Rc1 was best.} (39. Rc1 c4) 39... c4 {[%eval -147,0]} 40. f5 {[%eval -146,0]} b4 {[%eval -156,0]} 41. cxb4 $6 {[%eval -272,0] Inaccuracy. fxe6 was best.} (41. fxe6 Rxe6 42. cxb4 c3 43. Rc1 Rxe5 44. h4 Kf7 45. Nc5 Ke7 46. Nxa6 Kd6) 41... c3 {[%eval -299,0]} 42. b5 $6 {[%eval -381,0] Inaccuracy. Ng3 was best.} (42. Ng3 c2 43. Ne2 Nxb4 44. Ke3 Rc5 45. Kd4 Rd5+ 46. Kc3 Rxe5 47. Nc1 a5) 42... axb5 {[%eval -383,0]} 43. Ra8+ {[%eval -359,0]} Kh7 {[%eval -372,0]} 44. Nd6 $6 {[%eval -458,0] Inaccuracy. Ra1 was best.} (44. Ra1 exf5 45. gxf5 b4 46. Nf2 Rc4 47. Nd3 b3 48. f6 gxf6 49. exf6 b2) 44... Nb6 {[%eval -344,0]} 45. Re8 $6 {[%eval -698,0] Inaccuracy. Ra1 was best.} (45. Ra1 b4 46. Ne4 c2 47. Nf2 exf5 48. gxf5 c1=R 49. Rxc1 Rxc1 50. Nd3 Rc3) 45... c2 {[%eval -592,0]} 46. Nf7 {[%eval -515,0]} Rc8 {[%eval -562,0]} 0-1

[Event "USA-ch"]
[Site "Seattle"]
[Date "2003.01.13"]
[Round "5"]
[White "Nakamura, Hikaru"]
[Black "Christiansen, Larry Mark"]
[Result "1/2-1/2"]
[WhiteElo "2520"]
[BlackElo "2566"]
[PlyCount "68"]
[EventDate "2003.01.09"]
[EventType "swiss"]
[EventRounds "9"]
[EventCountry "USA"]
[SourceTitle "CBM 093"]
[Source "ChessBase"]
[SourceDate "2003.04.01"]
[SourceVersion "1"]
[SourceVersionDate "2003.04.01"]
[SourceQuality "1"]

1. d4 Nf6 2. c4 e6 3. Nc3 Bb4 4. e3 O-O 5. Bd3 c5 6. Nge2 d5 7. cxd5 cxd4 8. exd4 Nxd5 9. O-O Nc6 10. Bc2 Re8 11. Qd3 g6 12. Rd1 Bf8 13. Qf3 b6 $146 ({RR} 13... Nxc3 14. bxc3 Bg7 15. Ng3 f5 16. Ne2 Bd7 17. Qg3 Qf6 18. Rb1 b6 19. h4 h6 20. Nf4 Kh7 21. c4 Rac8 22. Ba4 Red8 23. Bb2 Na5 24. Bxd7 Rxd7 25. Re1 Re7 26. c5 Nc4 27. cxb6 axb6 28. Ba1 {Gurevich,M (2540)-Razuvaev,Y (2510) Moscow 1987 1-0 (31)}) ({RR} 13... Bd7 14. Nxd5 exd5 15. Be3 Bg7 16. Bb3 Be6 17. Nf4 Qf6 18. Qg3 Rad8 19. Rac1 Ne7 20. Nxe6 Qxe6 21. Ba4 Nf5 22. Qc7 Rc8 23. Qxb7 Rb8 24. Qc7 Rec8 25. Qd7 Qxd7 26. Bxd7 Nxe3 27. fxe3 Rxc1 28. Rxc1 {Erigaisi,A (2701)-Carlsen,M (2852) chess.com INT 2023 ½-½ (49)}) ({RR} 13... Ncb4 14. Bb3 Bd7 15. Nxd5 Nxd5 16. Nf4 Bc6 17. Nxd5 Bxd5 {½-½ (17) Giulian,P (2280)-Thomson,C (2340) Scotland 1988}) 14. Be4 Nce7 15. Bg5 Bb7 16. Nxd5 Bxd5 17. Nc3 Qd7 18. Bxe7 Bxe4 19. Nxe4 Bxe7 20. d5 exd5 21. Rxd5 Qe6 22. h3 Rad8 23. Nc3 Bf6 24. Rad1 h5 25. Rxd8 Bxd8 26. Nd5 Kg7 27. a4 Qe5 28. b3 h4 29. Qc3 Qxc3 30. Nxc3 Bf6 31. Nb5 Re7 32. Kf1 a6 33. Nd6 Bc3 34. Nc4 b5 1/2-1/2

[Event "USA-ch"]
[Site "Seattle"]
[Date "2003.01.11"]
[Round "3"]
[White "Nakamura, Hikaru"]
[Black "De Firmian, Nick E"]
[Result "1/2-1/2"]
[WhiteElo "2520"]
[BlackElo "2537"]
[PlyCount "87"]
[EventDate "2003.01.09"]
[EventType "swiss"]
[EventRounds "9"]
[EventCountry "USA"]
[SourceTitle "CBM 093"]
[Source "ChessBase"]
[SourceDate "2003.04.01"]
[SourceVersion "1"]
[SourceVersionDate "2003.04.01"]
[SourceQuality "1"]

1. d4 Nf6 2. c4 e6 3. Nc3 Bb4 4. e3 b6 5. Nge2 Ne4 6. Qc2 Bb7 7. Nf4 ({RR} 7. h4 O-O 8. a3 Bxc3+ 9. Nxc3 Nxc3 10. Qxc3 d5 11. b3 Nd7 12. Bb2 f5 13. f3 Qe7 14. O-O-O c5 15. h5 h6 16. Kb1 Rac8 17. dxc5 Rxc5 18. Qd4 e5 19. Qh4 Nf6 20. Qg3 dxc4 21. Bxc4+ Bd5 {Peralta,F (2558)-Caruana,F (2798) Budapest HUN 2024 0-1}) ({RR} 7. h4 f5 8. f3 Nxc3 9. Nxc3 O-O 10. Bd2 Be7 11. O-O-O Bxh4 12. e4 Nc6 13. d5 Nd4 14. Qd3 c5 15. Ne2 Bf6 16. Be3 exd5 17. exd5 Nxe2+ 18. Bxe2 d6 19. g4 b5 20. cxb5 a6 21. Kb1 Bc8 {Khademalsharieh,S (2458)-Kosteniuk,A (2484) Monaco MNC 2025 1-0 (36)}) 7... Nxc3 ({RR} 7... O-O 8. Bd3 f5 9. O-O Bxc3 10. bxc3 c5 11. f3 Nd6 12. e4 Nc6 13. e5 Nf7 14. Qf2 Rc8 15. Be3 Qe7 16. Rac1 Kh8 17. Rfe1 Na5 18. Qe2 Ba6 19. Bf2 Qg5 20. Nh3 Qh5 21. Be3 Qh4 22. Bf2 {Nakamura,H (2613)-Ward,C (2485) Caleta 2005 1-0 (69)}) 8. bxc3 Be7 $146 ({RR} 8... Bd6 9. e4 e5 10. Nd5 Nc6 11. Be3 exd4 12. cxd4 Nb4 13. Qb3 Nxd5 14. cxd5 Qe7 15. Bd3 c6 16. dxc6 Bb4+ 17. Kf1 dxc6 18. h4 O-O 19. Rd1 a5 20. Bg5 Qd6 21. e5 Qe6 22. Qc2 Ba6 23. Bxa6 {Castaneda,G (2400)-Yuferov,S (2465) Moscow 1995 0-1 (40)}) ({RR} 8... Bd6 9. Bd3 Bxf4 10. exf4 Bxg2 11. Rg1 Bf3 12. Rxg7 Qh4 13. Rg3 Bb7 14. f5 Qxh2 15. Be4 d5 16. Bf3 Nd7 17. fxe6 fxe6 18. Bg5 Rg8 19. Qe2 Nf8 20. Qe5 Rg6 21. cxd5 Nd7 22. Qxc7 Rxg5 23. dxe6 {Hawkins,J (2512)-Osborne,M (2286) London 2013 1-0}) 9. f3 d6 10. Bd3 g6 11. O-O Nd7 12. e4 Bg5 13. Ne2 Bxc1 14. Qxc1 Qe7 15. Qe3 e5 16. Bc2 Ba6 17. Qd3 O-O 18. Ba4 Qe6 19. Bb5 Bxb5 20. cxb5 d5 21. exd5 Qxd5 22. c4 Qd6 23. Rad1 Rad8 24. dxe5 Qxd3 25. Rxd3 Nxe5 26. Rc3 Rd2 27. Nf4 Rd4 28. Nd5 Kg7 29. Re1 Nxc4 30. Nxc7 Nd6 31. Ra3 Rc8 32. Rxa7 Kf8 33. Ra8 Rxa8 34. Nxa8 Nc4 35. a4 h5 36. Rb1 h4 37. Nc7 Rd2 38. Re1 Ra2 39. Re4 Ra1+ 40. Kf2 Ra2+ 41. Ke1 Rxa4 42. Rxh4 Ra1+ 43. Ke2 Ra2+ 44. Ke1 1/2-1/2

[Event "12th Norway Chess 2024"]
[Site "Stavanger NOR"]
[Date "2024.06.06"]
[Round "9.2"]
[White "Nakamura, Hi"]
[Black "Ding Liren"]
[Result "1/2-1/2"]
[WhiteElo "2794"]
[BlackElo "2762"]
[PlyCount "159"]
[EventDate "2024.05.27"]

1. d4 Nf6 2. c4 e6 3. Nc3 Bb4 4. e3 O-O 5. Bd2 d5 6. Nf3 b6 7. cxd5 exd5 8. Bd3 Bd6 9. Nb5 Be7 10. O-O c5 11. Ne5 Bb7 12. Rc1 ({RR} 12. f4 Nc6 13. Nxc6 Bxc6 14. Nc3 Re8 15. Kh1 Bf8 16. Qc2 a6 17. Rae1 Qc7 18. Qb1 c4 19. Bc2 b5 20. b4 a5 21. a3 axb4 22. axb4 Ra6 23. e4 dxe4 24. Nxe4 Nxe4 25. Bxe4 Bxe4 26. Rxe4 Rxe4 {Cori Quispe,K (2464)-Bok,B (2592) chess.com INT 2025 0-1 (33)}) 12... Re8 13. Nc3 Nc6 14. Ne2 $146 ({RR} 14. Bb5 Qd6 15. Ne2 Rec8 16. Bc3 Ne4 17. dxc5 bxc5 18. Nxc6 Bxc6 19. Bxc6 Rxc6 20. Qc2 Nxc3 21. Nxc3 Qe5 22. Rfe1 Rd8 23. Rcd1 Rcd6 24. e4 dxe4 25. Rxd6 Bxd6 26. Qxe4 Qxh2+ 27. Kf1 Bf8 28. Rd1 Rb8 {Unuk,L (2340)-Ganguly,S (2608) Biel 2022 0-1 (60)}) 14... Rc8 15. Bc3 Nxe5 16. dxe5 Ne4 17. Be1 c4 18. Bxe4 dxe4 19. Bc3 b5 20. Bd4 a5 21. Nf4 Bc5 22. Bxc5 Qxd1 23. Rfxd1 Rxc5 24. h4 Rcxe5 25. a4 Bc6 26. Rd6 Rc8 27. axb5 Bxb5 28. Ne2 Kf8 29. Ra1 a4 30. Nc3 Be8 31. Rb6 h5 32. Rb4 g6 33. Ra2 Kg7 34. Nxa4 Bxa4 35. Raxa4 c3 36. bxc3 Rxc3 37. Rxe4 Rxe4 38. Rxe4 Rc2 39. Rf4 Ra2 40. Kh2 Rb2 41. Kg3 Ra2 42. Rd4 Re2 43. Kf3 Ra2 44. e4 Ra3+ 45. Kf4 Ra2 46. Ke3 Ra3+ 47. Rd3 Ra4 48. g3 Ra1 49. Rd7 Re1+ 50. Kf4 Re2 51. f3 Re1 52. Ra7 Re2 53. e5 Re1 54. Ra4 Re2 55. Ra3 Re1 56. Re3 Ra1 57. Ke4 Ra4+ 58. Kd5 Ra5+ 59. Kc6 Ra6+ 60. Kb5 Ra1 61. Rd3 Re1 62. f4 Ra1 63. Kc6 Kf8 64. Kd5 Ra5+ 65. Ke4 Ra4+ 66. Kf3 Kg7 67. g4 hxg4+ 68. Kxg4 Ra1 69. f5 gxf5+ 70. Kxf5 Rf1+ 71. Ke4 Kg6 72. Rg3+ Kh5 73. Rg5+ Kxh4 74. Rf5 Rxf5 75. Kxf5 Kg3 76. Kg5 Kf3 77. Kf5 Ke3 78. Kf6 Ke4 79. e6 fxe6 80. Kxe6 1/2-1/2

[Event "Norway Chess 2024"]
[Site "Stavanger, Norway"]
[Date "2024.06.06"]
[Round "17.2"]
[White "Nakamura, Hikaru"]
[Black "Ding, Liren"]
[Result "1/2-1/2"]
[WhiteElo "2794"]
[BlackElo "2762"]
[Annotator "Stockfish 16.1 - Chessbase"]
[PlyCount "159"]
[EventDate "2024.??.??"]

{[%evp 0,159,18,18,22,-10,0,-11,4,28,31,28,29,25,20,20,33,26,36,35,36,32,36,-3,10,-1,49,9,4,-30,15,-11,-21,-24,-20,-39,-27,-13,-25,-34,-15,-49,-22,-24,-34,-28,-34,-38,-29,-65,-49,-27,-38,-33,-21,-15,-27,-42,0,-15,-19,-25,-19,-18,6,-17,-6,-19,-2,19,14,14,66,88,88,92,94,93,94,96,93,94,96,99,95,95,95,106,110,103,110,109,114,114,114,114,115,113,121,106,113,113,113,108,116,121,121,121,122,97,122,116,122,122,121,96,107,107,104,101,112,113,113,93,114,64,106,104,101,101,101,98,101,98,106,87,85,77,79,77,83,67,67,64,72,14,1,1,1,0,0,0,0,0,0,0,0,0,0,0,0,0]} 1. d4 Nf6 2. c4 e6 3. Nc3 Bb4 4. e3 O-O 5. Bd2 d5 6. Nf3 b6 7. cxd5 exd5 8. Bd3 Bd6 9. Nb5 Be7 10. O-O $146 ({RR} 10. Rc1 c6 11. Nc3 c5 12. Ne5 Bb7 13. f4 Nc6 14. Ne2 Ne4 15. O-O Rc8 16. Be1 f6 17. Nf3 f5 18. Ne5 c4 19. Bb1 b5 20. Rf3 g6 21. Ng3 a6 22. Kh1 {½-½ Brett,A (2085)-Zhang,J (1763) 2nd Cambridge Int Open Cambridge ENG 2024 (9.31)}) 10... c5 11. Ne5 Bb7 12. Rc1 ({RR} 12. f4 Nc6 13. Nxc6 Bxc6 14. Nc3 Re8 15. Kh1 Bf8 16. Qc2 a6 17. Rae1 Qc7 18. Qb1 c4 19. Bc2 b5 20. b4 a5 21. a3 axb4 22. axb4 Ra6 23. e4 dxe4 24. Nxe4 Nxe4 25. Bxe4 Bxe4 26. Rxe4 Rxe4 {Cori Quispe,K (2464)-Bok,B (2592) chess.com INT 2025 0-1 (33)}) 12... Re8 13. Nc3 Nc6 14. Ne2 $146 ({RR} 14. Bb5 Qd6 15. Ne2 Rec8 16. Bc3 Ne4 17. dxc5 bxc5 18. Nxc6 Bxc6 19. Bxc6 Rxc6 20. Qc2 Nxc3 21. Nxc3 Qe5 22. Rfe1 Rd8 23. Rcd1 Rcd6 24. e4 dxe4 25. Rxd6 Bxd6 26. Qxe4 Qxh2+ 27. Kf1 Bf8 28. Rd1 Rb8 {Unuk,L (2340)-Ganguly,S (2608) Biel 2022 0-1 (60)}) 14... Rc8 15. Bc3 Nxe5 16. dxe5 Ne4 17. Be1 c4 18. Bxe4 dxe4 19. Bc3 b5 20. Bd4 a5 21. Nf4 Bc5 22. Bxc5 Qxd1 23. Rfxd1 Rxc5 24. h4 Rcxe5 25. a4 Bc6 26. Rd6 Rc8 27. axb5 Bxb5 28. Ne2 Kf8 29. Ra1 a4 30. Nc3 Be8 31. Rb6 h5 32. Rb4 g6 33. Ra2 Kg7 34. Nxa4 Bxa4 35. Raxa4 c3 36. bxc3 Rxc3 37. Rxe4 Rxe4 38. Rxe4 Rc2 39. Rf4 Ra2 40. Kh2 Rb2 41. Kg3 Ra2 42. Rd4 Re2 43. Kf3 Ra2 44. e4 Ra3+ 45. Kf4 Ra2 46. Ke3 Ra3+ 47. Rd3 Ra4 48. g3 Ra1 49. Rd7 Re1+ 50. Kf4 Re2 51. f3 Re1 52. Ra7 Re2 53. e5 Re1 54. Ra4 Re2 55. Ra3 Re1 56. Re3 Ra1 57. Ke4 Ra4+ 58. Kd5 Ra5+ 59. Kc6 Ra6+ 60. Kb5 Ra1 61. Rd3 Re1 62. f4 Ra1 63. Kc6 Kf8 64. Kd5 Ra5+ 65. Ke4 Ra4+ 66. Kf3 Kg7 67. g4 hxg4+ 68. Kxg4 Ra1 69. f5 gxf5+ 70. Kxf5 Rf1+ 71. Ke4 Kg6 72. Rg3+ Kh5 73. Rg5+ Kxh4 74. Rf5 Rxf5 75. Kxf5 Kg3 76. Kg5 Kf3 77. Kf5 Ke3 78. Kf6 Ke4 79. e6 fxe6 80. Kxe6 1/2-1/2